Social media simplified : (Record no. 58360)
[ view plain ]
| 000 -LEADER | |
|---|---|
| fixed length control field | 01185nam a22002537a 4500 |
| 005 - DATE AND TIME OF LATEST TRANSACTION | |
| control field | 20111115100956.0 |
| 010 ## - LCCN (DPL NO) | |
| LC control number | ENG-104095 B-460894 |
| 020 ## - INTERNATIONAL STANDARD BOOK NUMBER | |
| International Standard Book Number | 9788184301045 |
| Terms of availability | 250.00 |
| 035 ## - SYSTEM CONTROL NUMBER | |
| System control number | EN-87628 B-460894 |
| 037 ## - SOURCE OF ACQUISITION | |
| Source of stock number/acquisition | DBAD/PUB |
| 037 ## - SOURCE OF ACQUISITION | |
| Source of stock number/acquisition | Virtuous Pub/Ven |
| 082 ## - DEWEY DECIMAL CLASSIFICATION NUMBER | |
| Classification number | 658.872 |
| 100 ## - MAIN ENTRY--PERSONAL NAME | |
| Personal name | Haryal, Vijayendra |
| 245 ## - TITLE STATEMENT | |
| Title | Social media simplified : |
| Remainder of title | Twitter, facebook-beyond casual networking / |
| Statement of responsibility, etc | by Viayendra Haryal [and] Anandan Pillai |
| 260 ## - PUBLICATION, DISTRIBUTION, ETC. (IMPRINT) | |
| Place of publication, distribution, etc | New Delhi |
| Name of publisher, distributor, etc | Ocean Books |
| Date of publication, distribution, etc | 2011 |
| 270 ## - ADDRESS | |
| Address | 4/19, Asaf Ali Road |
| City | New Delhi |
| Postal code | 110002 |
| 300 ## - PHYSICAL DESCRIPTION | |
| Extent | xiii,176p. |
| Dimensions | 22cm (Hb) |
| 500 ## - GENERAL NOTE | |
| General note | Includes bibliographical references |
| 700 ## - ADDED ENTRY--PERSONAL NAME | |
| Personal name | Pillai, Anandan |
| 9 (RLIN) | 35820 |
| 942 ## - ADDED ENTRY ELEMENTS (KOHA) | |
| Source of classification or shelving scheme | Dewey Decimal Classification |
| Item type | English Books |
| Classification part | 658.872 |
| Call number suffix | HAR |
| Withdrawn status | Lost status | Not for loan | Collection code | Home library | Current library | Date acquired | Source of acquisition | Cost, normal purchase price | Full call number | Barcode | Copy number | Cost, replacement price | Koha item type |
|---|---|---|---|---|---|---|---|---|---|---|---|---|---|
| Non-fiction | Central Library | Central Library | 18/06/2012 | Virtuous Pub/936/04.02.2012/28/18.01.2012/10.02.2012 | 250.00 | 658.872 HAR | B-460894 | 1 | 250.00 | English Books | |||
| Not For Loan | Non-fiction | D.B.Act.Division | D.B.Act.Division | 15/11/2011 | DBAD/PUB | 250.00 | 658.872 HAR | EN-87628 | 1 | 250.00 | English Books |
